000 00589nam a2200229Ia 4500
999 _c1739
_d1739
003 0100
008 130227s9999 xx 000 0 und d
040 _cARRUPELIB
050 _aDT515.45.I33A3353 2005
100 _aAfigbo, Adiele Ebesechukwa
_932271
245 _aIgbo history and society
245 _bthe essays of Adiele Afigbo
260 _bAfrica World Press
_aTrenton, New Jersey
_c2005
300 _aix
300 _b 651p. 24cm.
650 _bIgbo (African people)
_xHistory
_932262
650 _aIgbo (African people)
_xPolitics
_932272
650 _aIgbo (African people)
_xSocial life and customs
_932273
700 _aFalola, Toyin ed.
_932274
942 _2lcc
_012
_cMONOGRAPH